Morálfilozófus vagy közgazdász? a "láthatatlan kéz" és az "elfogulatlan szemlélet" Adam Smith műveiben
Elmentve itt :
| Szerző: | |
|---|---|
| Adatforrás: | Philobibl |
| Forrásdokumentuma: | Létünk 41.2011:2. p. 25-29. |
| Dokumentumtípus: | Cikk |
| Nyelv: | magyar |
| Kulcsszavak: | Smith, A. felvilágosodás társadalomelmélet filozófia, skót |
| LEADER | 00486nab a2200145 c 4500 | ||
|---|---|---|---|
| 001 | bibPHI0042136 | ||
| 005 | 20200924124700.7 | ||
| 008 | 111206s2011 yu hun | ||
| 100 | 1 | |a Bertók Rózsa | |
| 245 | 1 | 0 | |a Morálfilozófus vagy közgazdász? |b a "láthatatlan kéz" és az "elfogulatlan szemlélet" Adam Smith műveiben |c Bertók Rózsa |
| 695 | |a Smith, A. | ||
| 695 | |a felvilágosodás | ||
| 695 | |a társadalomelmélet | ||
| 695 | |a filozófia, skót | ||
| 773 | 0 | |t Létünk |g 41.2011:2. p. 25-29. | |